000 00380nam a2200157Ia 4500
005 20250423094714.0
008 250422s9999 xx 000 0 und d
020 _a9789351453871
050 _aKP 84.5 .A2/
100 _aAbdulrazaq, Taofeeq
245 0 _aCases and materials on Nigerian Taxation
250 _a1st edition
260 _c2016
300 _a699 p
942 _cBK
999 _c28046
_d28046